[Event "BLR-ch (Women) 52nd"]
[Site "Minsk"]
[Date "2008.03.18"]
[Round "9"]
[White "Revo, Tatiana"]
[Black "Zaenko, Irina"]
[Result "1/2-1/2"]
[WhiteElo "1946"]
[BlackElo "1891"]
[PlyCount "90"]
[EventDate "2008.03.10"]
[EventType "swiss"]
[EventRounds "11"]
[EventCountry "BLR"]
[SourceTitle "CBM 123 Extra"]
[Source "ChessBase"]
[SourceDate "2008.05.06"]
[SourceVersion "1"]
[SourceVersionDate "2008.05.06"]
[SourceQuality "1"]

1. e4 e5 2. Nf3 Nc6 3. Bb5 a6 4. Ba4 Nf6 5. 0-0 Be7 6. Re1 b5 7. Bb3 0-0 8. h3 d6 9. c3 Bb7 10. d4 h6 11. Nbd2 Re8 12. Nf1 Bf8 13. Ng3 Na5 14. Bc2 c5 15. d5 Bc8 16. Kh2 Qc7 17. Rg1 Nc4 18. Nf1 g5 19. g4 a5 20. b3 Nb6 21. Ne3 c4 22. h4 Nh7 23. bxc4 Nxc4 24. Nxc4 Qxc4 25. hxg5 Nxg5 26. Nxg5 hxg5 27. Bxg5 Qxc3 28. Rg3 Qd4 29. Qxd4 exd4 30. Bf6 Bg7 31. Bxg7 Kxg7 32. Rd1 Ba6 33. Rxd4 Rac8 34. Rd2 b4 35. Re3 Rc3 36. Rxc3 bxc3 37. Rd1 Rb8 38. Bb3 a4 39. Bxa4 Rb2 40. Rc1 Rxf2+ 41. Kg3 Rxa2 42. Bb3 Re2 43. Kf3 Rh2 44. Kg3 Re2 45. Kf3 Rh2 1/2-1/2

[Event "BLR-ch (Women) 52nd"]
[Site "Minsk"]
[Date "2008.03.11"]
[Round "2"]
[White "Zaenko, Irina"]
[Black "Leonovich, Evgenia"]
[Result "1/2-1/2"]
[WhiteElo "1891"]
[BlackElo "2016"]
[PlyCount "100"]
[EventDate "2008.03.10"]
[EventType "swiss"]
[EventRounds "11"]
[EventCountry "BLR"]
[SourceTitle "CBM 123 Extra"]
[Source "ChessBase"]
[SourceDate "2008.05.06"]
[SourceVersion "1"]
[SourceVersionDate "2008.05.06"]
[SourceQuality "1"]

1. e4 c5 2. Nf3 e6 3. d4 cxd4 4. Nxd4 Nf6 5. Nc3 Nc6 6. Ndb5 Bb4 7. a3 Bxc3+ 8. Nxc3 d5 9. exd5 exd5 10. Bd3 0-0 11. 0-0 d4 12. Ne2 Bg4 13. Bg5 h6 14. Bh4 g5 15. Bg3 Nd5 16. Bc4 a6 17. Qd2 b5 18. Bxd5 Qxd5 19. f3 Bf5 20. Rad1 Rad8 21. h4 Qc5 22. Bf2 Qxc2 23. hxg5 Qxd2 24. Rxd2 d3 25. Ng3 Bg6 26. f4 hxg5 27. f5 Bh7 28. Bc5 Rfe8 29. Nh5 Re5 30. Bb6 Rb8 31. Bc7 Re2 32. Rxd3 Rc8 33. Rd7 Re7 34. Bg3 Rxd7 35. Nf6+ Kg7 36. Nxd7 f6 37. Be1 Rd8 38. Nc5 Rd5 39. Nxa6 Rxf5 40. Bc3 Rxf1+ 41. Kxf1 Kf7 42. Nc7 Bd3+ 43. Kf2 Bc4 44. b3 Bxb3 45. Nxb5 Ke6 46. Ke3 Bc4 47. a4 Ne5 48. Nd4+ Kd5 49. Nf5 Ng4+ 50. Kf3 Ne5+ 1/2-1/2